000 02146nam0a2200325 4500
001 RU\NLR\BIBL_A\022588392
005 20260420051112.0
010 _a978-5-8088-2001-2
_950
021 _aRU
_bКН-П-25-028369
_9КН-П-25-2813
035 _a(NLR Aleph) 022588392
090 _a13678822
_c13678822
100 _a20250721d2024 u y0rusy50 ca
101 0 _arus
102 _aRU
105 _aa j 000yy
181 0 _ai3
_baxxe
182 0 _an
200 1 _aТеория сигналов
_eслучайные сигналы, согласованная фильтрация, функция неопределенности
_eучебное пособие
_eдля магистрантов и аспирантов, обучающихся по направлениям подготовки "Радиотехника" и "Радиофизика"
_fА. А. Монаков
_gМинистерство науки и высшего образования Российской Федерации, Федеральное государственное автономное образовательное учреждение высшего образования Санкт-Петербургский государственный университет аэрокосмического приборостроения
203 _aТекст
_bвизуальный
_cнепосредственный
210 _aСанкт-Петербург
_cГУАП
_d2024
215 _a97 с.
_cил.
_d20
320 _aБиблиогр.: с. 95-96 (22 назв.)
606 1 _aСлучайные сигналы(электросвязь)
_jУчебные издания для высших учебных заведений
_91660878
_3RU\NLR\AUTH\661034536
606 1 _aЭлектрические сигналы
_jУчебные издания для высших учебных заведений
_xФильтрация
_92091492
_3RU\NLR\AUTH\661265859
686 1 _aЗ811я73-1
700 1 _aМонаков
_bА. А.
_gАндрей Алексеевич
942 _cBOOK
980 _aNB